000 00509nam a2200217Ia 4500
003 OSt
005 20220923230748.0
006 a|||||r|||| 00| 0
007 ta
008 Pun
024 _a305,353
037 _cTextual
040 _aARTS
_cARTS
_bPun
041 _2Pun
_aPun
082 _aQ8441:21x, 153L3
245 0 _aਗੁਰੂ ਗ੍ਰੰਥ ਰਤਨਾਬਲੀ
260 _c1973
650 _aਧਰਮ
942 _hQ8441:21x, 153L3
_cTEXL
_2CC
999 _c387155
_d387155